000 00676nam a2200205Ii 4500
003 JO-AjNU
008 230605s9999||||xx |||||||||||||| ||und||
040 _aJO-AjNU
_bara
_erda
_cJO-AjNU
041 _aara
050 1 4 _aPJ7515.T3364 1987
100 3 _aالطاهر، علي جواد,
_eauthor
_919727
245 0 0 _aأساتذي..ومقالات أخرى
250 _aط1
264 3 1 _aبغداد: دار الشؤون الثقافية، 1987
300 _a403ص
336 _atext
_btxt
_2rdacontent
337 _aunmediated
_bn
_2rdamedia
338 _avolume
_bnc
_2rdacarrier
650 4 _aالأدب العربي - تاريخ ونقد - مقالات أدبية
_919728
999 _aA6561
_c10129
_d10129